• 首页
  • 本馆介绍
  • 公告通知
  • 最新文献
  • 馆藏检索
  • 电子资源
  • 读者导购
  • 参考咨询
  • 我的图书馆
  • 登录
  • 详细信息显示
  • 放入我的书架
  • 预约/预借图书
  • 作者相关作品
  • 分类相关作品
  • 丛书相关作品
  • 出版社相关作品

书目信息

  • 表格格式
  • 工作单格式
  • 卡片格式
题名:
园林工程预算
    
 
作者: 刘晓东 , 孙宇 主编
分册:  
出版信息: 北京   化学工业出版社  2013
页数: 165页
开本: 26cm
丛书名: 普通高等教育“十二五”规划教材
单 册:
中图分类: TU986.3
科图分类:
主题词: 园林--Yuan Lin--工程施工--建筑概算定额 , 园林--Yuan Lin--工程施工--建筑预算定额
电子资源:
ISBN: 978-7-122-16495-7
000 01244nam 2200301 450
001 012001000258
005 20131105154838.0
010    @a978-7-122-16495-7@dCNY26.00
099    @aCAL 012013061314
100    @a20130515d2013 em y0chiy50 ea
101 0  @achi
102    @aCN@b110000
105    @aak a 000yy
106    @ar
200 1  @a园林工程预算@AYuan Lin Gong Cheng Yu Suan@f刘晓东, 孙宇主编
210    @a北京@c化学工业出版社@d2013
215    @a165页@c图@d26cm
225 2  @a普通高等教育“十二五”规划教材@APu Tong Gao Deng Jiao Yu “shi Er Wu ”gui Hua Jiao Cai@i风景园林系列
320    @a有书目 (第165页)
330    @a本书介绍了园林工程预算的基本概念、工程定额、预算的构成以及计算的过程,结合当前园林工程预算的实际情况,通过具体的案例计算,来说明园林工程预算的计算方法,并且分别采用了园林工程定额计价和园林工程工程量清单计价两种方法计算,适应了园林行业的社会发展需求。
410  0 @12001@a普通高等教育“十二五”规划教材@i风景园林系列
606 0  @a园林@AYuan Lin@x工程施工@x建筑概算定额
606 0  @a园林@AYuan Lin@x工程施工@x建筑预算定额
690    @aTU986.3@v4
701  0 @a刘晓东@ALiu Xiao Dong@4主编
701  0 @a孙宇@ASun Yu@4主编
801  0 @aCN@b北京卓展文化@c20191020
905    @b1195794-7@dTU986.3@e1497@f4
    
    园林工程预算/刘晓东, 孙宇主编.-北京:化学工业出版社,2013
    165页:图;26cm.-(普通高等教育“十二五”规划教材.风景园林系列)
    
    
    ISBN 978-7-122-16495-7:CNY26.00
    本书介绍了园林工程预算的基本概念、工程定额、预算的构成以及计算的过程,结合当前园林工程预算的实际情况,通过具体的案例计算,来说明园林工程预算的计算方法,并且分别采用了园林工程定额计价和园林工程工程量清单计价两种方法计算,适应了园林行业的社会发展需求。
●
相关链接 在E读中查询图书 在五车中查询图书 在当当中查询图书 在豆瓣中查询图书


正题名:园林工程预算     索取号:TU986.3/1497         预约/预借

序号 登录号 条形码 馆藏地/架位号 状态 备注
1 1195794   211957943   第二样本阅览室/ [索取号:TU986.3/1497] 在馆    
2 1195795   211957952   第三借阅区/ [索取号:TU986.3/1497] 在馆    
3 1195796   211957961   第三借阅区/ [索取号:TU986.3/1497] 在馆    
4 1195797   211957970   第三借阅区/ [索取号:TU986.3/1497] 在馆    
唐山师范学院图书馆 欢迎您!
大连网信软件有限公司© 版权所有